What Song Isn't In The Album? - Statistics

General Stats
  • This quiz has been taken 18 times
  • The average score is 4 of 8
Answer Stats
Question Answer % Correct
The Dark Side Of The Moon Another Brick In The Wall
73%
Nevermind Heart Shaped Box
67%
Rumours Everywhere
60%
Paranoid N.I.B
53%
...And Justice For All Fuel
40%
Too Fast For Love Knock 'Em Dead Kid
40%
Appetite For Destruction Perhaps
33%
Theatre of Pain Wild Side
33%
No matching quizzes found
Score Distribution
Percent of People with Each Score
Percentile by Number Answered
Your Score History
You have not taken this quiz